Los coristas
Cuando aceptó el trabajo como maestro de música para jóvenes con problemas de conducta, Clément Mathieu no estaba preparado para la dura disciplina y el ambiente depresivo con el que se encuentra. Pero con pasión y métodos de enseñanza poco convencionales, logra instalar el interés por la música en...
Guardado en:
| Autor Principal: | |
|---|---|
| Autor Corporativo: | |
| Otros Autores: | , , , , |
| Formato: | |
| Idioma: | Undetermined |
| Publicado: |
Francia :
Ministerio de Educación de la Nación,
2004.
|
| Materias: | |
| Etiquetas: |
Agregar Etiqueta
Sin Etiquetas, Sea el primero en etiquetar este registro!
|
| LEADER | 01606ngm a22003015a 4500 | ||
|---|---|---|---|
| 001 | CEM.cems020199 | ||
| 008 | 230612s2004####xx#---############vlund#d | ||
| 005 | 20230612205939.0 | ||
| 245 | 1 | 0 | |a Los coristas |h [videograbación] / |c Christophe Barratier. |
| 260 | |a Francia : |b Ministerio de Educación de la Nación, |c 2004. | ||
| 300 | |a 96'. | ||
| 520 | |a Cuando aceptó el trabajo como maestro de música para jóvenes con problemas de conducta, Clément Mathieu no estaba preparado para la dura disciplina y el ambiente depresivo con el que se encuentra. Pero con pasión y métodos de enseñanza poco convencionales, logra instalar el interés por la música en sus alumnos y les entrega una renovada alegría. Esto también lo enfrenta con la prepotencia del director de la escuela, y lo coloca en una batalla entre la política y la determinación para cambiar la vida de sus alumnos. | ||
| 590 | |a Identificación anterior: 70 | ||
| 538 | |a Soporte: DVD -- Formato: DVD Peso: 3.87gb /4.35gb -- Resolución: 720 x 480 -- 29.97fps | ||
| 500 | |a Título original: Les Choristes. | ||
| 100 | 1 | |a Barratier, Christophe. | |
| 700 | 1 | |a Jugnot, Gérard; Reparto. | |
| 700 | 1 | |a Maunier, Jean-Baptiste; Reparto. | |
| 700 | 1 | |a Berléand, François; Reparto. | |
| 700 | 1 | |a Perrin, Jacques; Reparto. | |
| 700 | 1 | |a Perrin, Maxence; Reparto. | |
| 710 | 2 | |a Galatée Films. | |
| 653 | |a LARGOMETRAJE. | ||
| 653 | |a FICCIÓN | ||
| 653 | |a ARCHIVO FÍLMICO PEDAGÓGICO JÓVENES Y ESCUELA. | ||
| 653 | |a DRAMA | ||
| 653 | |a MUSICAL | ||
| 859 | |a CEMS |b BIB. CEMS - Depto. Recursos Didacticos |h 778.5 |i BAR |k DRD |p 3028.23 |t Ej.2 | ||
